| 000 | 00555nam a22001937a 4500 | ||
|---|---|---|---|
| 008 | 131002t xxu||||| |||| 00| 0 eng d | ||
| 020 | _a979-2-7114-1950-0 | ||
| 040 |
_aBUAC _cSDINJS |
||
| 041 | _aFR | ||
| 082 | _a614.88(075) AGO | ||
| 100 |
_aAGOSTINUCCI, Jean-Marc.- _928719 |
||
| 245 | _aGuides des premiers secours | ||
| 260 |
_aParis: _bSlovérie par Polygraf, _c2009.- |
||
| 300 |
_a271p.; _billustré; _c21 cm.- |
||
| 650 |
_aSecourisme _928720 |
||
| 700 |
_aBERTRAND, Philippe _928721 |
||
| 700 |
_aDEZALAY, Sandrine _928722 |
||
| 942 | _cLIVR | ||
| 999 |
_c53795 _d53795 |
||